Zemplínska šírava jedáleň na Hôrke : Medvedia hora : prístav Hôrka

Zobrazenie: Štyri čiastkové pohľady, každý v červenom orámovaní. Pohľad na roh reštaurácie s terasou vpravo, v pozadí vidno vodnú nádrž, na nej výletnú loď, vsade množstvo ľudí. Pohľad na vodnú nádrž, v ktorej vidno niekoľko ľudí, v popredí je vidno malú loďku, v pozadí vidno zatrávnený kopec. Pohľa...

Full description

Bibliographic Details
Corporate Author: ČTK-Pressfoto (vydavateľstvo : Bratislava, Slovensko). Archív (Photographer)
Other Authors: Sekal, Josef, 1936- (Photographer)
Format: Photo
Language:Slovak
PhysicalDescription:1 pohľadnica (4 čiastkové pohľady) farebná 11 x 23 cm
Published: Bratislava ČTK-Pressfoto 1972
Subjects:

MARC

LEADER 00000nkm a2200000 a 4500
001 vtls011985634
003 SK-MaSNL
005 20260331211838.0
007 kf co
008 231120s1972 xo g kuslo
015 |a SNBG1972 
035 |a urn:nbn:sk:snk-km00ei43 
035 |a urn:nbn:sk:snk-km45xd0 
035 |a 6D8AB2B1-CCAD-477D-97A8-3CFD2F84C688 
040 |a SNK  |b slo  |c SNK  |e AACR2 
041 0 |a slo 
043 |a e-xo--- 
044 |a xo  |c SK 
072 7 |a 908(437)  |x Vlastiveda Česka a Slovenska  |2 konspekt 
080 |a 908(437.6)  |2 2011 
080 |a 640.43  |2 2011 
080 |a (084.121)  |2 2011 
080 |a 629.97  |2 2011 
080 |a 627.81  |2 2011 
080 |a 629.525  |2 2011 
080 |a 551.24.055  |2 2011 
080 |a 338.488.2  |2 2011 
080 |a 796.54  |2 2011 
080 |a 640.41:796.54  |2 2011 
080 |a 711.455.8  |2 2011 
080 |a 711.455  |2 2011 
080 |a (282.3)  |2 2011 
100 1 |a Sekal, Josef,  |d 1936-  |4 pht  |9 83549 
245 1 0 |a Zemplínska šírava  |h grafika  |b jedáleň na Hôrke : Medvedia hora : prístav Hôrka  |c foto: J. Sekal, archív 
246 1 |i Názov na obrazovej časti:  |a Zemplínska šírava 
260 |a Bratislava  |b ČTK-Pressfoto  |c 1972  |e Skalica  |f Grafobal 
300 |a 1 pohľadnica (4 čiastkové pohľady)  |b farebná  |c 11 x 23 cm 
520 8 |a Zobrazenie: Štyri čiastkové pohľady, každý v červenom orámovaní. Pohľad na roh reštaurácie s terasou vpravo, v pozadí vidno vodnú nádrž, na nej výletnú loď, vsade množstvo ľudí. Pohľad na vodnú nádrž, v ktorej vidno niekoľko ľudí, v popredí je vidno malú loďku, v pozadí vidno zatrávnený kopec. Pohľad na jachty na brehu vodnej nádrže, vpravo sa o jenu opiera žena. Pohľad na kemping na brehu vodnej nádrže, ktorú vidno v pozadí. Vpravo vidno prístav a jednu výletnú loď 
650 0 7 |a reštaurácie  |2 SNKPH  |9 23080 
650 0 7 |a lode  |2 SNKPH  |9 28713 
650 0 7 |a vodné nádrže  |2 SNKPH  |9 4190 
650 0 7 |a jachty  |2 SNKPH  |9 68366 
650 0 7 |a vrchy a štíty  |2 SNKPH  |9 165131 
650 0 7 |a kempingy  |2 SNKPH  |9 756 
650 0 7 |a rekreačné oblasti  |2 SNKPH  |9 69057 
651 7 |a Zemplínska šírava (Slovensko : rekreačná oblasť)  |2 SNKPHgeo  |9 113109 
651 7 |a Zemplínska šírava (Slovensko : vodná nádrž)  |2 SNKPHgeo  |9 110374 
655 7 |a geografické pohľadnice  |2 SNKPH  |9 70522 
710 2 |a ČTK-Pressfoto (vydavateľstvo : Bratislava, Slovensko).  |b Archív  |4 pht  |9 337897 
852 |a Slovenská národná knižnica 
954 |a pohľadnice pôvodné (slovenské)  |2 lita 
954 |a pohľadnice cudzojazyčné (svetové)  |2 lita 
958 |a GC 
958 |a GBN 
958 |a OND 
958 |a EUIPO 
999 |c 952813  |d 954743 
952 |a SNK  |b SNK  |y PREZ  |7 0  |p 17A1286461  |o snkSP 71068  |0 0  |1 0  |4 0  |d 2020-08-06  |f 1  |l 0  |r 2026-02-24 09:53:53  |w 2026-02-24